00548nam a2200157 a 450000100100000000500170001000800410002704000250006808200150009310000290010824500640013726000390020130000190024095201140025999900170037300003371920200930070452.0110907s1894 sp 000 0 spa d aDO-SdBNPbspacBNPHU axxxbA185h1 aAcosta, Joseph de95916310aHistoria natural y moral de las indias /cJoseph de Acosta. aMadrid :bRamón Anglés,c1894. a1 t. ;c19 cm. 0010507-18MOaPDbPDcOId2011-09-07iLF1l0oxxx A185hp33719-10r2020-06-25w2020-06-25y1ZNo se presta c33210d33210